US Capital Road Trip - Statistics

General Stats
  • This quiz has been taken 21 times
  • The average score is 20 of 49
Answer Stats
Distance to Next City Next City % Correct
31.7 Annapolis
100%
64.9 Dover
80%
127 Harrisburg
70%
112 Trenton
70%
215 Atlanta
60%
174 Baton Rouge
60%
227 Columbia
60%
189 Des Moines
60%
431 Jackson
60%
168 Lincoln
60%
343 Little Rock
60%
259 Madison
60%
161 Montgomery
60%
339 Oklahoma City
60%
170 Raleigh
60%
220 Richmond
60%
248 St Paul
60%
211 Tallahassee
60%
293 Topeka
60%
193 Jefferson City
50%
264 Springfield
50%
614 * Route through Canada Albany
30%
180 Augusta
30%
50.9 Boston
30%
175 Columbus
30%
67.4 Concord
30%
210 Frankfort
30%
113 Hartford
30%
2,810 *flight distance Honolulu
30%
165 Indianapolis
30%
1,710 Juneau
30%
256 Lansing
30%
119 Montpelier
30%
440 Nashville
30%
86.2 Providence
30%
210 Bismarck
20%
339 Boise
20%
450 Carson City
20%
593 Cheyenne
20%
102 Denver
20%
628 Helena
20%
160 Olympia
20%
480 Phoenix
20%
1,923 Pierre
20%
142 Sacramento
20%
536 Salem
20%
659 Salt Lake City
20%
390 Santa Fe
20%
3,749 * flight distance Austin
10%
No matching quizzes found
Score Distribution
Percent of People with Each Score
Percentile by Number Answered
Your Score History
You have not taken this quiz